الحب في عطلة الأسبوع / (رقم التسجيلة. 247091)

تفاصيل مارك
000 -الفاتح
عناصر البيانات ثابتة الطول 00887nam a2200253 i 4500
005 - تاريخ ووقت آخر معاملة
حقل ضبط 20251108191214.0
008 - عناصر البيانات ثابتة الطول
عناصر البيانات ثابتة الطول 250906s2020 ua ||||gr|||| 00| 0 ara d
020 ## - الترقيم الدولي المعياري للكتب (ردمك)
الترقيم الدولي المعياري للكتب (ردمك) 9789777543453
040 ## - مصدر الفهرسة
هيئة الفهرسة الأصلية JO-AmGAM
قواعد الوصف rda
041 1# - كود اللغة
كود اللغة لنص/مسار صوت أو عنوان منفصل ara
كود اللغة للأصل eng
082 14 - رقم تصنيف ديوي العشري
رقم التصنيف 152.41
رقم المادة ف ي ل
100 1# - مدخل رئيسي – اسم شخصي
الاسم الشخصي فيلد، ليندا
علاقة الشخص بالعمل/ دوره مؤلف.
245 12 - بيان العنوان
العنوان الحب في عطلة الأسبوع /
بيان المسؤولية ليندا فيلد ؛ اعداد قسم الترجمة بدار فاروق.
246 10 - الأشكال المختلفة للعنوان
العنوان الفعلي/العنوان المختصر Weekend love coach.
250 ## - بيان الطبعة
بيان الطبعة الطبعة العربية الثانية.
264 31 - بيانات النشر، التوزيع…إلخ
مكان النشر، التوزيع...إلخ الجيزة :
اسم الناشر، الموزع...إلخ دار الفاروق للاستثمارات الثقافية،
تاريخ النشر، التوزيع...إلخ 2020.
300 ## - الوصف المادي
عدد الوحدات المكونة للوعاء 328 صفحة.
336 ## - نوع المحتوى
المصدر rdacontent
مصطلح نوع المحتوى نص
كود نوع المحتوى txt
337 ## - نوع الوسيط
المصدر rdamedia
مصطلح نوع الوسيط دون وسيط عرض
كود نوع الوسيط n
338 ## - نوع الحامل
المصدر rdacarrier
مصطلح نوع الحامل مجلد
كود نوع الحامل nc
650 17 - مدخل إضافي بالموضوع - مصطلح موضوعي
مصطلح موضوعي أو اسم جغرافي كعنصر مدخل العواطف.
942 ## - بيانات إضافية (كوها)
نوع المادة (كوها) كتب
نوع التنصيف Dewey Decimal Classification
المقتنيات
حالة السحب حالة الفقدان مصدر التصنيف حالة التلف غير قابل للإعارة المكتبة الرئيسية المكتبة الحالية موقع الرف تاريخ التزويد مصدر التزويد العملة التكلفة، سعر الشراء العادي الرقم المتسلسل Total Checkouts رقم الإستدعاء الباركود تاريخ آخر ظهور التكلفة وسعر الاستبدال تاريخ الفاتورة نوع المادة (كوها)
    Dewey Decimal Classification     المكتبة المركزية المكتبة المركزية الإعارة 15/10/2025 18 JOD 5.00 1796546   152.41 / ف ي ل PLD00517543 15/10/2025 5.00 15/10/2025 كتب
    Dewey Decimal Classification     مكتبة أم قصير والمقابلين العامة مكتبة أم قصير والمقابلين العامة الإعارة 15/10/2025 18 JOD 5.00 1796554   152.41 / ف ي ل PLD00517551 15/10/2025 5.00 15/10/2025 كتب
    Dewey Decimal Classification     مكتبة الأميرة ايمان العامة مكتبة الأميرة ايمان العامة الإعارة 15/10/2025 18 JOD 5.00 1796548   152.41 / ف ي ل PLD00517545 15/10/2025 5.00 15/10/2025 كتب
    Dewey Decimal Classification     مكتبة الاميرة بديعة مكتبة الاميرة بديعة الإعارة 15/10/2025 18 JOD 5.00 1796552   152.41 / ف ي ل PLD00517549 15/10/2025 5.00 15/10/2025 كتب
    Dewey Decimal Classification     مكتبة البراعم الواعدة مكتبة البراعم الواعدة الإعارة 15/10/2025 18 JOD 5.00 1796555   152.41 / ف ي ل PLD00517552 15/10/2025 5.00 15/10/2025 كتب
    Dewey Decimal Classification     مكتبة الجويدة مكتبة الجويدة الإعارة 15/10/2025 18 JOD 5.00 1796549   152.41 / ف ي ل PLD00517546 15/10/2025 5.00 15/10/2025 كتب
    Dewey Decimal Classification     مكتبة الحسن العامة مكتبة الحسن العامة الإعارة 15/10/2025 18 JOD 5.00 1796553   152.41 / ف ي ل PLD00517550 15/10/2025 5.00 15/10/2025 كتب
    Dewey Decimal Classification     مكتبة حمزة العامة مكتبة حمزة العامة الإعارة 15/10/2025 18 JOD 5.00 1796551   152.41 / ف ي ل PLD00517548 15/10/2025 5.00 15/10/2025 كتب
    Dewey Decimal Classification     مكتبة صويلح العامة مكتبة صويلح العامة الإعارة 15/10/2025 18 JOD 5.00 1796547   152.41 / ف ي ل PLD00517544 15/10/2025 5.00 15/10/2025 كتب
    Dewey Decimal Classification     مكتبة وادي السير العامة مكتبة وادي السير العامة الإعارة 15/10/2025 18 JOD 5.00 1796550   152.41 / ف ي ل PLD00517547 15/10/2025 5.00 15/10/2025 كتب
Implemented & Customized by: BBB with SCIT (Smart Chains for Information Technology)

Powered by Koha